000 00383nam a2200157Ia 4500
003 GCL
008 140319s9999 xx 000 0 eng d
040 _aGCL /
_cGCL
082 0 4 _a915.02455
_bE G
100 1 _aEBTEHAJ, G.H
245 1 0 _aGUIDE BOOK ON PERSIA /
_cEBTEHAJ, G.H
260 _a[S.N] :
_bPARLIAMENT
300 _a293 P
650 0 4 _aIRAN - GUIDE BOOK
942 _2ddc
_cBK
999 _c14882
_d14882